San Pablo, Apóstol de las gentes
Na minha lista:
| Autor principal: | |
|---|---|
| Formato: | Livro |
| Idioma: | espanhol |
| Publicado em: |
Madrid
Fax
1941
|
| Assuntos: | |
| Tags: |
Adicionar Tag
Sem tags, seja o primeiro a adicionar uma tag!
|
MARC
| LEADER | 00000nam a2200000 a 4500 | ||
|---|---|---|---|
| 001 | UCI4560 | ||
| 003 | CL-VaPUC | ||
| 008 | 080125e19410000SP |||||||||||||||||spa|d | ||
| 082 | 0 | 4 | |a 922.22 |b PER |2 21 |
| 100 | 0 | |a Pérez de Urbel, Justo |e author |9 526515 | |
| 245 | 1 | 0 | |a San Pablo, Apóstol de las gentes |
| 300 | |a 346 p | ||
| 942 | |c BK | ||
| 945 | |d 20080125 00:00:00 |a rbrito | ||
| 260 | |a Madrid |b Fax |c 1941 | ||
| 500 | |a Donación Padres Capuchinos | ||
| 600 | 0 | |a Pablo de Tarso, Santo |9 321163 | |
| 650 | 0 | |a Biografías |9 255210 | |
| 650 | 7 | |a SANTOS |2 CL-VaPUC |9 313738 | |
| 650 | 0 | |a Vida religiosa |9 257284 | |
| 583 | |a last modification |c 20080125 00:00:00 |k Rodrigo Vera | ||
| 999 | |c 328464 |d 328462 | ||
| 952 | |0 0 |1 0 |4 0 |6 922_220000000000000_PER_1941 |7 0 |8 X |9 412385 |a FDOBUD |b FDOBUD |d 2019-11-22 |i 4405242 |o 922.22 PER 1941 |p 4405242 |r 2019-11-22 |w 2019-11-22 |y BK_X |k BUD | ||